Монументальная живопись Мексики (Запис номер 210392)
[ съкратено ]
| 000 -Лидер | |
|---|---|
| Контролно поле с фиксирана дължина | 01355nkm a2200325 c 4500 |
| 003 - Код на организацията, давaща контролен номер | |
| Контролно поле | BLK |
| 005 - Дата и час на последна редакция | |
| Контролно поле | 20180421002032.0 |
| 008 - Елементи от данни с фиксирана дължина | |
| fixed length control field | 180412b bul rap|r|||| r0| ||bulo| |
| 010 ## - Наследен системен номер | |
| LC control number | KNG00165081000 |
| 040 ## - Източник на каталожния запис | |
| Идентификатор на билиотеката - собственик на записа | BLK |
| 041 ## - Код за език | |
| Код за езика на текст/звукозапис или на отделно заглавие | Руски |
| Код за езика КДБФ | Руски |
| 080 ## - УДК | |
| Текстов определител УДК | Стенописи. Фрески. Рисунки на тавани. Монументална живопис. Декоративна живопис |
| УДК код - определител по УДК | 75.052 |
| УДК определител | (72) |
| УДК - код + определител | 75.052(72) |
| 100 1# - Редна дума - Автор | |
| Автор | Жадова, Лариса Алексеевна |
| Авторска отговорност | първи автор |
| R(LIN) | 67804 |
| 139 ## - Редно поле | |
| Редна дума | Жадова, Лариса Алексеевна |
| Авторски знак | Жад - Ж 15 |
| 245 10 - Сведения за заглавието | |
| Заглавие | Монументальная живопись Мексики |
| Редно поле (дума) | Лариса Алексеевна Жадова. |
| 257 ## - Страна на издаване | |
| Страна на създаване/издаване | СССР |
| 260 ## - Област на издателските данни | |
| -- | Москва |
| Име на издателя, разпространителя и проч. | Искусство |
| Година на издаване | 1965 |
| 300 ## - Физическа характеристика | |
| Страници | 236 с. |
| Илюстрации и др. | с ил. |
| Размери/Мащаб | 25 см |
| 380 ## - Жанр | |
| Жанр | Изкуство |
| 500 ## - Общи забележки | |
| Забележка | Библиогр. с. 134-136. - Списък на ил. - 15 000 тир. |
| 650 #4 - Допълнително описание по предмет – тема | |
| Основно описание – тема или топоним | Живопис, монументална |
| 9 (RLIN) | 314072 |
| 651 #4 - Допълнително описание по предмет - топоним | |
| Географско понятие | Мексико |
| 9 (RLIN) | 179210 |
| 653 ## - Ключова дума – ненормативна | |
| Ключова дума | монументална живопис |
| 653 ## - Ключова дума – ненормативна | |
| Ключова дума | Мексико |
| 852 ## - Местоположение | |
| Форматна сигнатура | Цб Гр А 601 |
| 856 4# - Електронен адрес и достъп | |
| Електронен формат | pdf - файл |
| Път до файла /url/ | |
| 856 4# - Електронен адрес и достъп | |
| Електронен формат | pdf - файл |
| Път до файла /url/ | |
| 942 ## - АРТИКУЛИ | |
| Вид на библиотечния материал | Графични издания |
| Скрит в OPAC | Не |
| 944 ## - СЪЗДАВАНЕ И РЕДАКЦИЯ на ЗАПИСА | |
| Създаване/Редакция | Създаване |
| Дата на регистрацията/редакция | 19.09.2014 |
| Статус, дата на статуса | 19.09.2014 - от С1,Р / 19.09.2014 |
| Служител, извършил регистрацията/редакцията | Камелия_Данева |
| 944 ## - СЪЗДАВАНЕ И РЕДАКЦИЯ на ЗАПИСА | |
| Създаване/Редакция | Редакция |
| Дата на регистрацията/редакция | 19.09.2014 |
| Статус, дата на статуса | 19.09.2014 - от С1,Р / 19.09.2014 |
| Служител, извършил регистрацията/редакцията | |
| 999 ## - СИСТЕМНИ КОНТРОЛНИ НОМЕРА | |
| Koha biblionumber | 210392 |
| Koha biblioitemnumber | 210392 |
| Код за отписване | Код за изгубен артикул | Източник на класификационната схема | Код за повреда | Коз за рестрикции | Код за отдаване | Артикулен № | Име на библиотеката - собственик | Име на библиотеката, в която се намира в момента | Статус (Текущо местоположение) | Дата на вписване в системата | Местоположение - отдел | Цена в лева | Инвентарен номер | Систематично азбучна сигнатура | Баркод | Номер на екземпляра | Цена в евро | Служебна бележка | Служебен тип на артикула |
|---|---|---|---|---|---|---|---|---|---|---|---|---|---|---|---|---|---|---|---|
| Не е изгубен | Universal Decimal Classification | Не е повреден | без рестрикции | заемане за дома | 361960 | Регионална библиотека "Любен Каравелов" Русе | Регионална библиотека "Любен Каравелов" Русе | Отдел Изкуство - подръчен фонд | 1965-01-01 | Отдел Изкуство - подръчен фонд | 1.80 | 4362/66 | 75.05/Ж 15 | 900000003052 | 1 | 0.92 | Дост: Pk Вид: Ф N: стар фонд Дата: 01.01.1965 Дата инв: 04.06.2015 Бележки инв: ГрИ2015 | Графични издания |